[Event "Titled Tuesday intern op 12th Oct"]
[Site "Chess.com INT"]
[Date "2021.10.12"]
[Round "6"]
[White "Almiron, Antonio"]
[Black "Hasman, Cengiz"]
[Result "1-0"]
[WhiteElo "2366"]
[BlackElo "2101"]
[PlyCount "101"]
[EventDate "2021.10.12"]
[EventType "swiss (blitz)"]
[EventRounds "11"]
[EventCountry "USA"]
[SourceTitle "EXT 2023"]
[Source "ChessBase"]
[SourceDate "2022.10.05"]
[SourceVersion "1"]
[SourceVersionDate "2022.10.05"]
[SourceQuality "1"]

1. e4 d6 2. d4 Nf6 3. Nc3 Nbd7 4. Be3 e5 5. Nf3 c6 6. a4 Be7 7. h3 0-0 8. Bd3 b6 9. 0-0 a6 10. Ne2 Bb7 11. Ng3 Re8 12. c4 Bf8 13. d5 c5 14. Rb1 a5 15. Nh2 g6 16. Ng4 Nxg4 17. hxg4 Bg7 18. f3 Rf8 19. Kf2 Bf6 20. Rh1 Bg5 21. Qd2 Bxe3+ 22. Qxe3 f6 23. Rh2 Rf7 24. Rbh1 Nf8 25. Ke2 Bc8 26. Kd2 Raa7 27. b3 Rg7 28. Kc2 Raf7 29. Rh6 Bd7 30. Kb2 Qe8 31. Ka3 Qc8 32. R1h2 Qe8 33. g5 Qd8 34. gxf6 Qxf6 35. Nh5 Qe7 36. Nxg7 Rxg7 37. Rh1 Qf6 38. R6h2 Qe7 39. Bf1 Qf6 40. g3 Rf7 41. Bg2 g5 42. Rf1 Ng6 43. Bh3 Bxh3 44. Rxh3 g4 45. Rh5 gxf3 46. Rf5 Qg7 47. Rxf7 Qxf7 48. Qxf3 Qe7 49. Qf6 Qd7 50. Qe6+ Qxe6 51. dxe6 1-0